000 00897nmc a2200325 a 4500
003 AR-BaBNM
005 20251128204339.0
008 011101s1992 ||||||||||||||000 | spa||
020 _a84-7509-793-6
040 _cAR-BaBNM
100 1 _aTrilla Bernet, Jaume
245 1 0 _aEl profesor y los valores controvertidos
_bneutralidad y beligerancia en la educación
260 _aBuenos Aires
_bPaidós
_c1992
300 0 _a239 p.
_bgráfs.; tablas
490 0 _aPapeles de pedagogía
_vv. 6
504 _aPosee bibliografía
650 4 _aDOCENTES
650 4 _aPRACTICA DOCENTE
650 4 _aINFLUENCIA DEL DOCENTE
650 4 _aCOMPORTAMIENTO DEL DOCENTE
650 4 _aCOMPORTAMIENTO DEL ALUMNO
650 4 _aPROFESOR
650 4 _aFAMILIA
650 4 _aNEUTRALIDAD
650 4 _aTAXONOMIA
650 4 _aVALORES
650 4 _aROL DEL DOCENTE
942 _cBK
998 _cCarmen
999 _c7103
_d7103